| Record ID | ia:200puzzlingphysi0000gnad |
| Source | Internet Archive |
| Download MARC XML | https://archive.org/download/200puzzlingphysi0000gnad/200puzzlingphysi0000gnad_marc.xml |
| Download MARC binary | https://www.archive.org/download/200puzzlingphysi0000gnad/200puzzlingphysi0000gnad_meta.mrc |
LEADER: 01186cam a22003014a 4500
001 00053005
003 DLC
005 20070725080547.0
008 001102s2001 enka 000 0 eng
010 $a 00053005
020 $a0521773067
020 $a0521774802 (pbk.)
040 $aDLC$cDLC$dDLC
042 $apcc
050 00 $aQC32$b.G52 2001
082 00 $a530/.076$221
100 1 $aGnädig, Péter.
245 10 $a200 puzzling physics problems /$cP. Gnädig, G. Honyek, K.F. Riley.
246 3 $aTwo hundred puzzling physics problems
260 $aCambridge, UK ;$aNew York :$bCambridge University Press,$c2001.
300 $axiv, 257 p. :$bill. ;$c26 cm.
650 0 $aPhysics$vProblems, exercises, etc.
700 1 $aHonyek, G.$q(Gyula),$d1951-
700 1 $aRiley, K. F.$q(Kenneth Franklin),$d1936-
856 41 $3Sample text$uhttp://www.loc.gov/catdir/samples/cam034/00053005.html
856 42 $3Publisher description$uhttp://www.loc.gov/catdir/description/cam021/00053005.html
856 41 $3Table of contents$uhttp://www.loc.gov/catdir/toc/cam021/00053005.html
856 42 $3Contributor biographical information$uhttp://www.loc.gov/catdir/enhancements/fy0731/00053005-b.html